00513nam a2200145Ia 4500008004100000100001900041245006400060245003300124260005900157650001800216650001500234856002600249999001900275952007300294170221s9999 xx 000 0 und d aTeresa Velasco aNews Dissemination Gratifies Needs for Social Media Users  cTeresa Velasco, Chad Mahood. bOnline Journal of Communication and Media Technologies xCommunication xMedia Arts uhttp://www.ojcmt.net/ c312556d312556 001040aCLbCLd2017-02-21l0r2017-02-21 00:00:00w2017-02-21yFOJ